| 000 | 01060 a2200241 4500 | ||
|---|---|---|---|
| 005 | 2008091601451.0 | ||
| 008 | 080916t xxu||||| |||| 00| 0 hin d | ||
| 010 | _aHIN-80896 | ||
| 020 | _c150.00 | ||
| 035 | _aHN-53242 | ||
| 037 | _bD.B.Act / pub | ||
| 082 | _a821 | ||
| 100 | _aमिश्र, छविनाथ | ||
| 245 |
_aश्रुति-सुगन्ध _cछविनाथ मिश्र |
||
| 246 |
_aShruti Sugandh _bby Chavinath Mishra |
||
| 260 |
_aकोलकाता _bप्रतिध्वनि2002 _c2007 |
||
| 300 |
_a135पृ _c22 सेमी (सजिल्द) |
||
| 650 | _aहिन्दी कविताएँ | ||
| 650 | _aHindi Pomes | ||
| 270 |
_a31, सरहरिराम गोयनका स्ट्रीट _bकोलकाता _e700007 |
||
| 942 |
_adpl _cHN _k821 / मिश्रछ _2ddc _h821 _m मिश्रछ |
||
| 999 |
_c7269 _d7269 |
||